000 00224nam a22000857a 4500
008 160810b xxu||||| |||| 00| 0 eng d
100 _9101
_aSriraman P
245 _aSocial Science-VI
260 _aNew Delhi
_bSrijan publication
_c2010
999 _c2754
_d2754